000 01167nam a2200265Ia 4500
001 220.6-MES sa (777)
003 IT-MiSPE
008 171229s9999||||xx |||||||||||||| ||und||
040 _aIT-MiSPE
_cIT-MiSPE
041 _aITALIANO
100 _aFranco Festorazzi
245 0 _aIl messaggio della salvezza
_bV. Gli "scritti" dell'Antico Testamento
250 _a1a ed. (v)
260 _aLeumann (TO)
_bLDC
_c1985
300 _a396 p. [9 v.]
_c24 cm
490 _a Corso completo di studi biblici
_v5
500 _aBibbia AT. Libri sapienziali; Bibbia. AT. Libri storici
501 _aEdizioni San Paolo srl - Piazza Soncino, 5 - 20092 CINISELLO BALSAMO (MI) (non commercial uses only) ® Copyright 2018
520 _aFranco Festorazzi (dir.)
700 _aAdalberto Sisti
700 _aAntonio Bonora
942 _cBK
957 _71
999 _a7061
_bNO
_g Copie: 1
_c338083
_d338083